书目信息 |
| 书名: | Optical properties of photonic crystals = | |
| 作者: | K. Sakoda. | |
| 分册号: | ||
| 分册名: | 出版地: | 北京 : |
|
| 出版社: | 世界图书出版公司 | |
| 出版时间: | 2013. | |
| 页数: | xiii, 253 p. : | |
| 开本: | 23 cm. | |
| 丛书名: | ||
| 中图分类号: | ||
| 科图分类号: | ||
| 其他分类号: | O734 | |
| 主题词: | ||
| 电子资源: | ||
| 000 | 00978cam 2200301 a 450 | |
| 001 | CAL 022013070301 | |
| 003 | CAL | |
| 005 | 20141217140552.8 | |
| 008 | 131111r20132005cc a b 001 0 eng d | |
| 020 | @a9787510061431@cCNY59.00 | |
| 040 | @aBUA@cBUA@dSCT | |
| 050 | 4 | @aQC793.5.P427@bS24 2005 |
| 082 | 04 | @a548/.9@222 |
| 093 | @aO734@24 | |
| 099 | @aO734/S111=2@dO734 | |
| 100 | 1 | @aSakoda, Kazuaki,@d1957- |
| 245 | 10 | @aOptical properties of photonic crystals =@b光子晶体的光学性质 /@cK. Sakoda. |
| 246 | 31 | @a光子晶体的光学性质 |
| 250 | @a2nd ed. | |
| 260 | @a北京 :@b世界图书出版公司,@c2013. | |
| 300 | @axiii, 253 p. :@bill. ;@c23 cm. | |
| 490 | 0 | @a经典物理学丛书 (影印版) |
| 500 | @aCover title. | |
| 504 | @aIncludes bibliographical references (p. [247]-250) and index. | |
| 534 | @pReprint. Originally published:@cBerlin ; New York : Springer, c2005.@z3540206825. | |
| 650 | 0 | @aPhotons. |
| 650 | 0 | @aCrystal optics. |
| 905 | @a河南城建学院图书馆@dO734@eS111=2 | |
| Optical properties of photonic crystals = : 光子晶体的光学性质 / / K. Sakoda.-2nd ed.-北京 : : 世界图书出版公司, , 2013. |
| xiii, 253 p. : : ill. ; ; 23 cm.- (经典物理学丛书 (影印版)) |
| Cover title.-Includes bibliographical references (p. [247]-250) and index. |
| ISBN 9787510061431CNY59.00 |
| ● |
| 相关链接 |
|
|
|
正题名:Optical properties of photonic crystals
索取号:O734
 
预约/预借
| 序号 | 登录号 | 条形码 | 馆藏地/架位号 | 状态 | 备注 |
| 1 | 15642 | 300156426 | 自科库401/401自科库 66排4列2层/ [索取号:O734/] | 在馆 | |
| 2 | 15643 | 300156435 | 自科库401/401自科库 66排4列2层/ [索取号:O734/] | 在馆 | |
| 3 | 15644 | 300156444 | 自科库401/401自科库 66排4列2层/ [索取号:O734/] | 在馆 |